Statistics for 3-Stage Pokémon Evolutions in the Kalos Region

Click here to take the quiz!

General Stats

  • This quiz has been taken 34 times
  • The average score is 15 of 16

Answer Stats

Stage 1Evolution% Correct
Greninja
100%
Chesnaught
96%
Delphox
96%
FroakieFrogadier
96%
Talonflame
96%
Aegislash
93%
FennekinBraixen
93%
Goodra
93%
ChespinQuiladin
93%
GoomySliggoo
93%
FletchlingFletchinder
89%
Florges
89%
ScatterbugSpewpa
89%
Vivillon
89%
HonedgeDoublade
86%
FlabébéFloette
86%

Score Distribution

Percentile by Number Answered

Percent of People with Each Score

Your Score History

You have not taken this quiz